000 00539nam a2200193Ia 4500
005 20260119144236.0
008 008 260114s9999 xx 000 0 eng d
020 _a9780081022283
037 _aEBOOK
040 _aCRL
_beng
_cCRL
041 _aeng
_2eng
084 _qCRL
100 _aKyosev, Yordan
_9903305
245 0 _aInorganic and Composite Fibers
260 _aWoodhead Publishing
_bElsevier
_c2018
856 _uhttps://www.sciencedirect.com/science/book/9780081022283
942 _cEBOOK
999 _c1495397
_d1495397